|
|
|
|
| LEADER |
01127nam a2200325 4500 |
| 001 |
000006097 |
| 003 |
2251 |
| 005 |
20110831110856.0 |
| 008 |
110831s2000 viesd |
| 020 |
|
|
|c 65000đ
|
| 041 |
0 |
|
|a vie
|
| 082 |
|
|
|a 181
|b TR-V
|
| 100 |
0 |
|
|a Trương Lập Văn
|
| 245 |
|
0 |
|a Khí
|b Triết học Phương Đông
|c Trương Lập Văn; Hoàng Mộng Khánh
|
| 260 |
|
|
|a H.
|b Khoa học xã hội
|c 2000
|
| 300 |
|
|
|a 699 tr.
|c 20 cm.
|
| 490 |
|
|
|a Tủ sách tinh hoa về các phạm trù triết học Trung Quốc
|
| 653 |
|
|
|a Triết học Phương Đông
|
| 653 |
|
|
|a Triết học Trung Quốc
|
| 910 |
|
|
|a Huỳnh Thị Cẩm Lai
|d 31/08/2011
|
| OWN |
|
|
|a LSP
|
| AVA |
|
|
|a UDN50
|b LSP
|d 181 TR-V
|e available
|t Error 5001 Not defined in file expand_doc_bib_avail.
|f 4
|g 0
|h N
|i 0
|k 1
|
| 999 |
|
|
|a From the UDN01
|
| AVA |
|
|
|a UDN50
|b LSP
|d 181 TR-V
|e available
|t Error 5001 Not defined in file expand_doc_bib_avail.
|f 4
|g 0
|h N
|i 0
|k 1
|
| TYP |
|
|
|a Monograph
|
| TYP |
|
|
|a Printed language
|
| 980 |
|
|
|a Mạng thư viện Đại học Đà Nẵng
|